| 000 | 00644cam a2200193 a 4500 | ||
|---|---|---|---|
| 020 | _a0072532947 (acidfree paper) | ||
| 040 | _cDLC | ||
| 082 | 0 | 0 | _a510 MCG 2004 A059 Or. |
| 100 | 1 | _aBennett, Albert B. | |
| 245 | 1 | 0 |
_aMathematics for elementary teachers : _ba conceptual approach / |
| 250 | _a6th ed. | ||
| 260 |
_aBoston : _bMcGraw-Hill Higher Education, _cc2004. |
||
| 300 |
_axii, 875 p. : _bill. (some col.) ; _c26 cm. |
||
| 650 | 0 | _aMathematics. | |
| 700 | 1 | _aNelson, Leonard T. | |
| 856 | 4 | 2 | _uhttp://www.loc.gov/catdir/description/mh031/2002015191.html |
| 856 | 4 | 1 | _uhttp://www.loc.gov/catdir/toc/mh031/2002015191.html |
| 942 | _cEK | ||
| 999 |
_c14760 _d14760 |
||